Najczęstsze odpowiedzi JetPunk - postacie fikcyjne - Statystyki

Ogólne statystyki
  • Ten quiz został rozwiązany 16 razy
  • Średni wynik to 15 z 32
Statystyki odpowiedzi
# Wskazówka Odpowiedź % Poprawnych
15 Grecki bóg podziemi Hades
93%
25 Król bogów greckich Zeus
93%
36 Nosi również pelerynę Batman
79%
39 Nosi pelerynę Superman
79%
30 Posiada magiczną lampę Aladyn
71%
12 Latający słoń Dumbo
71%
21 Gigantyczna małpa King Kong
71%
15 Wyruszył w Odyseję Odyseusz
71%
25 Magiczny chłopiec Harry Potter
64%
18 Chłopiec, który nie dorasta Piotruś Pan
64%
13 Znany renifer Rudolf
64%
30 Posiada specjalny młotek Thor
64%
14 Jaszczurka olbrzymia Godzilla
57%
23 Brytyjski szpieg James Bond
57%
20 Grecki bóg muzyki Apollo
50%
18 Księżniczka z bajki Kopciuszek
50%
17 Pomocnik superbohatera Robin
50%
27 Pracuje dla Daily Bugle Spider-Man
50%
16 Superbohater z pazurami Wolverine
50%
18 Kłamliwa marionetka Pinokio
43%
14 Bohater wojny trojańskiej Achilles
36%
24 Superbohater, który wynalazł różne rzeczy Iron Man
36%
16 Superbohater z lassem prawdy Wonder Woman
36%
14 Superbohater z kategorią wiekową R Deadpool
29%
17 Postać z hiszpańskiej powieści Don Kichot
29%
15 Książę Danii Hamlet
29%
13 Znany czarodziej Gandalf
21%
21 Brytyjska niania Mary Poppins
14%
12 Policjant z Detroit RoboCop
14%
31 Postać filmowa o niskim IQ Forrest Gump
7%
18 Huśtający się brytyjski szpieg Austin Powers
0%
12 Bohater nordycki Beowulf
0%
Nie znaleziono quizów pasujących do podanych kryteriów
Rozkład punktacji
Procent ludzi z każdym wynikiem
Percentyl według liczby udzielonych odpowiedzi
Twoja historia wyników
Nie rozwiązałeś tego quizu